Statistics for Wii Sports Resort/Wii Party Miis

Click here to take the quiz!

General Stats

  • This quiz has been taken 177 times
  • The average score is 56 of 100

Answer Stats

Answer% Correct
Matt
93%
Chris
79%
Abby
77%
Tommy
76%
Tyrone
76%
Elisa
74%
Eva
72%
Alex
71%
Haru
71%
Kentaro
71%
Sakura
70%
Ryan
69%
Luca
68%
Miyu
68%
Steve
68%
Theo
68%
Martin
67%
Eddy
66%
Lucía
66%
Pierre
66%
Anna
64%
Fumiko
64%
Helen
64%
Misaki
64%
Megan
63%
Naomi
63%
Nick
63%
Emma
62%
Mia
62%
Shouta
62%
Vincenzo
62%
Yoshi
62%
Chika
61%
Julie
61%
Shinnosuke
61%
Greg
60%
Marco
60%
Mike
59%
Ai
57%
Ashley
57%
Miguel
57%
Steph
57%
Tatsuaki
57%
Víctor
57%
Ian
56%
Jessie
56%
Keiko
56%
Pablo
56%
Rachel
56%
Rin
56%
Daisuke
55%
Michael
55%
Oscar
55%
Silke
55%
Andy
54%
Asami
54%
Fritz
54%
Ren
54%
Sota
54%
Akira
53%
Siobhán
53%
Yoko
53%
Barbara
52%
Emily
52%
Cole
51%
David
51%
Jackie
51%
Kathrin
51%
Nelly
51%
Patrick
51%
Eduardo
49%
Gwen
49%
Holly
49%
James
49%
Marisa
49%
Saburo
49%
Takashi
49%
Gabi
48%
Midori
48%
Ursula
48%
Sarah
47%
Giovanna
46%
Hiroshi
46%
Rainer
46%
Stéphanie
46%
Takumi
45%
Tomoko
45%
Abe
44%
George
44%
Hayley
44%
Hiromasa
43%
Maria
43%
Hiromi
41%
Alisha
40%
Gabriele
40%
Jake
40%
Sandra
39%
Shinta
37%
Shohei
37%
Susana
36%

Score Distribution

Percentile by Number Answered

Percent of People with Each Score

Your Score History

You have not taken this quiz